000 00428nam a2200157Ia 4500
008 240729s9999 xx 000 0 und d
022 _a2783-2074
245 0 _aJournal of Exercise & Organ Cross Talk
260 _aIran, Islamic Republic of
260 _bJEOCT publisher
650 _a Physiology
650 _aScience
856 _uhttps://doaj.org/toc/0eeed8ceccc74286b070f7d1c5ce92a6
942 _2ddc
942 _cDOAJEJ
999 _c69629
_d69629
945 _a1
_bMadushi Gamage
_c1
_dMadushi Gamage